[Event "AUTO-ELITE-1167"]
[Site "http://www.queenalice.com/game.php?id=1190848"]
[Date "2013.6.14"]
[Round "1"]
[White "miah14"]
[Black "makibaque"]
[Result "1/2-1/2"]
[WhiteElo "2322"]
[BlackElo "2452"]

1. e4 d5 2. exd5 Qxd5 3. Nc3 Qa5 4. d4 c6 5. Nf3 Nf6 6. Bc4 Ne4 7. O-O Nxc3 8.
Qe1 Bf5 9. Bb3 e6 10. Bd2 Bd6 11. Bxc3 Qc7 12. Nh4 O-O 13. Nxf5 exf5 14. h3 Nd7
15. Qe3 a5 16. a4 g6 17. Qf3 Bb4 18. Rfe1 Bxc3 19. bxc3 Rae8 20. g4 fxg4 21.
hxg4 Nb6 22. Rab1 Nd5 23. Rxe8 Rxe8 24. Bxd5 cxd5 25. Rb5 Re1+ 26. Kg2 Qe7 27.
Rxd5 Qh4 28. Re5 Ra1 29. Qe2 Kg7 30. Re7 Qh1+ 31. Kg3 Rg1+ 32. Kf4 Qh4 33. Qe5+
Kh6 34. Qe3 Qf6+ 35. Ke4+ g5 36. Kd3 Rxg4 37. Re5 Rf4 38. Ke2 b6 39. Rb5 Kg7 40.
f3 h6 41. d5 Rxa4 42. Rxb6 Qf5 43. Qd3 Qe5+ 44. Kd2 Rh4 45. Rb5 g4 46. Qe3 Rh2+
47. Kd3 Qf5+ 48. Qe4 Qxe4+ 49. fxe4 g3 50. Ke3 Rf2 51. Rb1 Rxc2 52. Kd3 Rf2 53.
c4 g2 54. Rg1 Kf6 55. c5 Ke7 56. e5 Kd7 57. c6+ Kc7 58. Kc4 h5 59. Kb5 Rb2+ 60.
Kxa5 h4 61. Rc1 Rc2 62. d6+ Kc8 63. d7+ Kc7 64. Rd1 Ra2+ 65. Kb5 Ra8 66. Kc5 h3
67. Rb1 Ra5+ 68. Kc4 Ra4+ 69. Kc5 Ra7 70. Kd5 1/2-1/2

[Event "AUTO-ELITE-1210"]
[Site "http://www.queenalice.com/game.php?id=1219266"]
[Date "2013.9.23"]
[Round "1"]
[White "gero79"]
[Black "miah14"]
[Result "1-0"]
[WhiteElo "2457"]
[BlackElo "2372"]

1. e4 c5 2. Nf3 d6 3. d4 cxd4 4. Nxd4 Nf6 5. Nc3 a6 6. Bg5 e5 7. Nb3 Be7 8. Bxf6
Bxf6 9. Qd3 O-O 10. O-O-O Qb6 11. f3 Nc6 12. Qxd6 Rd8 13. Qc5 Rxd1+ 14. Nxd1
Qxc5 15. Nxc5 Be7 16. Nd3 Be6 17. b3 g6 18. Kb2 b5 19. Ne3 Rd8 20. c3 Bg5 21.
Nc2 Be7 22. Be2 Kg7 23. Rd1 Bc8 24. b4 h5 25. Ne3 Be6 26. Nc1 Rxd1 27. Bxd1 Bg5
28. Nd5 a5 29. Nd3 axb4 30. cxb4 Bd2 31. Kc2 Bh6 32. Kc3 Kf8 33. Nc5 Bxd5 34.
exd5 Nd4 35. Nd7+ Ke7 36. Nxe5 Nf5 37. Kd3 h4 38. g4 Nd6 39. h3 Bf4 40. Kd4 g5
41. Nd3 Bd2 42. Kc5 Kd7 43. Kb6 Ke7 44. Kc6 Bc3 45. a3 Bd4 46. Nc5 Be5 47. a4
bxa4 48. Bxa4 Bg3 49. b5 Nc4 50. b6 Ne5+ 51. Kb5 Nxf3 52. Ne4 Bb8 53. Kc6 Nd4+
54. Kb7 1-0

[Event "AUTO-ELITE-1210"]
[Site "http://www.queenalice.com/game.php?id=1219267"]
[Date "2013.9.23"]
[Round "1"]
[White "miah14"]
[Black "gero79"]
[Result "1/2-1/2"]
[WhiteElo "2319"]
[BlackElo "2432"]

1. Nf3 Nf6 2. c4 e6 3. d4 d5 4. Nc3 Bb4 5. cxd5 Nxd5 6. Qb3 Nc6 7. e4 Nxc3 8.
bxc3 Bd6 9. e5 Be7 10. Qc2 b6 11. Bb5 Bb7 12. O-O a6 13. Bd3 Na5 14. Be3 b5 15.
Nd2 Bd5 16. a4 Nc4 17. axb5 axb5 18. Nxc4 bxc4 19. Be4 c6 20. f3 h6 21. Qb2 O-O
22. Rxa8 Qxa8 23. Ra1 Qb8 24. Qxb8 Rxb8 25. Ra7 Bh4 26. g3 Bg5 27. Bxg5 hxg5 28.
Kg2 f5 29. exf6 gxf6 30. h4 gxh4 31. gxh4 Rb3 1/2-1/2

[Event "AUTO-ELITE-1210"]
[Site "http://www.queenalice.com/game.php?id=1219274"]
[Date "2013.9.23"]
[Round "1"]
[White "miah14"]
[Black "capaputi"]
[Result "0-1"]
[WhiteElo "2335"]
[BlackElo "2218"]

1. c4 Nf6 2. Nc3 c5 3. Nf3 Nc6 4. g3 g6 5. Bg2 Bg7 6. O-O O-O 7. d3 d5 8. cxd5
Nxd5 9. Qb3 Nb6 10. Qb5 Nd7 11. Bg5 a6 12. Qb3 h6 13. Bf4 e5 14. Be3 Rb8 15. Qa4
b5 16. Qd1 Nd4 17. Qd2 Kh7 18. h4 Nf6 19. Nxe5 Qe8 20. Nf3 Ng4 21. Bf4 Rb6 22.
Nxd4 cxd4 23. Nd5 Rc6 24. Nc7 Qd7 25. Bxc6 Qxc6 26. Rac1 Qd7 27. Qb4 Rd8 28. Qa5
Be5 29. Bxe5 Nxe5 30. Nxa6 Qh3 31. Rc7 Rd7 32. f3 Qxg3+ 33. Kh1 Qxh4+ 34. Kg2
Rxc7 35. Rh1 Qg5+ 36. Kf2 Rc2 37. Qe1 Qe3+ 38. Kf1 Nxd3 39. Rxh6+ Qxh6 0-1

[Event "AUTO-ELITE-1210"]
[Site "http://www.queenalice.com/game.php?id=1219275"]
[Date "2013.9.23"]
[Round "1"]
[White "capaputi"]
[Black "miah14"]
[Result "0-1"]
[WhiteElo "2223"]
[BlackElo "2326"]

1. e4 c5 2. Nc3 Nc6 3. Nf3 e6 4. Be2 Nf6 5. O-O Be7 6. d4 cxd4 7. Nxd4 d5 8.
Nxc6 bxc6 9. e5 Nd7 10. f4 Qb6+ 11. Kh1 Ba6 12. Rf3 Rd8 13. Na4 Qb7 14. Rb3 Qc8
15. Bd2 O-O 16. Ba5 Rde8 17. Qf1 Bxe2 18. Qxe2 f6 19. exf6 Nxf6 20. Bc3 Ne4 21.
Be5 Bf6 22. Nc3 Bxe5 23. fxe5 Nf2+ 24. Kg1 Rf5 25. Nd1 Ne4 26. Ne3 Rf2 27. Qe1
Ref8 28. Qa5 d4 29. Ng4 R2f4 30. h3 Qd7 31. Qa6 h5 32. Rb7 Qe8 33. Nh2 Qg6 34.
Rf1 Rf2 35. Rxf2 Rxf2 36. g4 hxg4 37. Nxg4 Qg5 0-1

[Event "AUTO-ELITE-1222"]
[Site "http://www.queenalice.com/game.php?id=1224829"]
[Date "2013.10.15"]
[Round "1"]
[White "miah14"]
[Black "Fermats"]
[Result "1-0"]
[WhiteElo "2387"]
[BlackElo "2279"]

1. Nf3 d5 2. d4 Bf5 3. c4 e6 4. Nc3 Nc6 5. cxd5 exd5 6. e3 Nb4 7. Bb5+ c6 8. Ba4
Nd3+ 9. Kf1 Nxc1 10. Rxc1 Bd6 11. Bc2 Be6 12. Qd3 Nf6 13. g3 Bh3+ 14. Kg1 h6 15.
e4 Nxe4 16. Nxe4 dxe4 17. Qxe4+ Qe7 18. Re1 Qxe4 19. Rxe4+ Kd7 20. Ne5+ Bxe5 21.
dxe5 Rad8 22. Bb3 h5 23. f3 Be6 24. Rb4 Kc7 25. Bxe6 fxe6 26. h4 Rd5 27. f4 Rd2
28. Rh2 Rd1+ 29. Kg2 Rhd8 30. Rb3 R8d2+ 31. Kh3 Rxh2+ 32. Kxh2 Rd2+ 33. Kh3 a5
34. g4 g6 35. a4 Rd4 36. gxh5 gxh5 37. Rf3 Rxa4 38. f5 exf5 39. Rxf5 Rb4 40.
Rxh5 Rxb2 41. Rh7+ Kb6 42. e6 Re2 43. e7 a4 44. Rf7 c5 45. h5 a3 46. Rf3 c4 47.
Rxa3 Rxe7 48. Kg4 1-0

[Event "AUTO-ELITE-1222"]
[Site "http://www.queenalice.com/game.php?id=1224830"]
[Date "2013.10.15"]
[Round "1"]
[White "Fermats"]
[Black "miah14"]
[Result "1-0"]
[WhiteElo "2531"]
[BlackElo "2322"]

1. e4 c5 2. Nf3 Nc6 3. Nc3 Nf6 4. Bb5 e5 5. Bxc6 dxc6 6. Nxe5 Nxe4 7. Nxe4 Qd4
8. O-O Qxe5 9. Re1 Be7 10. Rb1 O-O 11. b3 Be6 12. Bb2 Qf4 13. Re3 a5 14. Qe2 a4
15. Rg3 g5 16. Nxg5 Bxg5 17. h4 Rfd8 18. Rxg5+ Kf8 19. Qh5 Rxd2 20. Rf1 axb3 21.
Be5 Qe4 22. Bf6 1-0

[Event "AUTO-ELITE-1226"]
[Site "http://www.queenalice.com/game.php?id=1226415"]
[Date "2013.10.22"]
[Round "1"]
[White "miah14"]
[Black "cynnara"]
[Result "1-0"]
[WhiteElo "2372"]
[BlackElo "2466"]

1. Nf3 Nf6 2. c4 e6 3. Nc3 c5 4. g3 Be7 5. Bg2 d5 6. cxd5 exd5 7. d4 h6 8. Ne5
Nc6 9. Qa4 O-O 10. Nxc6 bxc6 11. dxc5 Bd7 12. Be3 Rb8 13. b4 d4 14. Bxd4 Bh3 15.
O-O-O Bxg2 16. Bxf6 Qe8 17. Bxe7 Qxe7 18. Rhg1 Qf6 19. Kc2 Qxf2 20. Rge1 Bh3 21.
a3 1-0

[Event "AUTO-ELITE-1226"]
[Site "http://www.queenalice.com/game.php?id=1226416"]
[Date "2013.10.22"]
[Round "1"]
[White "cynnara"]
[Black "miah14"]
[Result "0-1"]
[WhiteElo "2476"]
[BlackElo "2356"]

1. e4 c5 2. Nf3 Nc6 3. Bb5 g6 4. O-O Bg7 5. Nc3 d6 6. e5 dxe5 7. Re1 Bd7 8. Bxc6
Bxc6 9. Nxe5 Qc7 10. Qe2 Bxe5 11. Qxe5 Qxe5 12. Rxe5 b6 13. Re2 f5 14. f3 Nf6
15. a4 Kf7 16. d3 Rhe8 17. Bg5 Rad8 18. b3 Rd7 19. Rae1 e6 20. h3 Rde7 0-1

[Event "AUTO-ELITE-1226"]
[Site "http://www.queenalice.com/game.php?id=1226417"]
[Date "2013.10.22"]
[Round "1"]
[White "miah14"]
[Black "FabioDavid"]
[Result "0-1"]
[WhiteElo "2384"]
[BlackElo "2512"]

1. e4 e5 2. Nf3 Nc6 3. Bb5 a6 4. Ba4 Nf6 5. O-O Be7 6. Bxc6 dxc6 7. Nc3 Bd6 8.
d4 Bg4 9. dxe5 Bxf3 10. Qxf3 Bxe5 11. Bf4 Qe7 12. Rad1 O-O 13. Bxe5 Qxe5 14. g3
Rfe8 15. Kg2 b5 16. Rfe1 g5 17. Qd3 g4 18. a3 a5 19. Qd4 Qxd4 20. Rxd4 Re5 21.
h3 h5 22. f3 gxf3+ 23. Kxf3 Rae8 24. Red1 Kg7 25. b4 axb4 26. axb4 c5 27. bxc5
Rxc5 28. R1d3 c6 29. Kf4 Nh7 30. Rb4 Nf8 31. Ke3 Ng6 32. Rb3 Ne5 33. Rd4 Re6 34.
h4 Rg6 35. Rd8 Rc4 36. Kf4 Ng4 37. Re8 Rf6+ 38. Kg5 Rf2 39. Nd1 Rc5+ 40. e5 Nxe5
41. Nxf2 Nd3+ 0-1

[Event "AUTO-ELITE-1226"]
[Site "http://www.queenalice.com/game.php?id=1226418"]
[Date "2013.10.22"]
[Round "1"]
[White "FabioDavid"]
[Black "miah14"]
[Result "1/2-1/2"]
[WhiteElo "2504"]
[BlackElo "2380"]

1. e4 c5 2. Nf3 Nc6 3. d4 cxd4 4. Nxd4 Nf6 5. Nc3 e5 6. Ndb5 d6 7. Bg5 a6 8. Na3
Be6 9. Nc4 Rc8 10. Bxf6 Qxf6 11. Nb6 Rb8 12. Ncd5 Qd8 13. c3 Be7 14. a4 O-O 15.
Bc4 Bg5 16. O-O g6 17. Qe2 Kg7 18. Rfd1 f5 19. exf5 Rxf5 20. Bd3 Rf7 21. Be4 Ne7
22. a5 Nxd5 23. Bxd5 Qe7 24. Bxe6 Qxe6 25. Rd5 Rbf8 26. f3 Rc7 27. Qd3 Be7 28.
Rd1 Qf5 29. Qe2 Qe6 30. c4 Rc6 31. b4 Kg8 32. R5d4 Bg5 33. Re4 Rf4 34. Rxf4 Bxf4
35. g3 Bh6 36. Nd5 Rc8 37. Qe4 Kf7 38. Kg2 Bg7 39. Rf1 Qf5 40. Qh4 Re8 41. b5 h5
42. bxa6 bxa6 43. Qe4 Rc8 44. Nb6 Rc5 45. Qb7+ Kg8 46. Qxa6 Kh7 47. Qa8 d5 48.
Nxd5 Qc2+ 49. Rf2 Qxc4 50. Nb6 Qb4 51. Nd5 Qxa5 52. Qxa5 Rxa5 53. Nc3 g5 54. h3
Kg6 55. Ne4 1/2-1/2

[Event "AUTO-ELITE-1228"]
[Site "http://www.queenalice.com/game.php?id=1227720"]
[Date "2013.10.27"]
[Round "1"]
[White "chaingang"]
[Black "miah14"]
[Result "1-0"]
[WhiteElo "2272"]
[BlackElo "2396"]

1. d4 Nf6 2. c4 e6 3. Nf3 d5 4. Nc3 Bb4 5. Bg5 Nbd7 6. e3 O-O 7. Bd3 dxc4 8.
Bxc4 h6 9. Bh4 b6 10. O-O Be7 11. Re1 Bb7 12. e4 Nxe4 13. Rxe4 Bxe4 14. Bxe7
Bxf3 15. Bxd8 Bxd1 16. Be7 Rfe8 17. Bb4 Bh5 18. Bb5 Rad8 19. Bc6 Re7 20. Bxe7
Re8 21. Bh4 g5 22. Bg3 Re7 23. Bxc7 f6 24. Bd6 Rg7 25. Re1 e5 26. Ne4 exd4 27.
Bxd7 Bf7 28. Nxf6+ Kh8 29. Be5 1-0

[Event "AUTO-ELITE-1228"]
[Site "http://www.queenalice.com/game.php?id=1227721"]
[Date "2013.10.27"]
[Round "1"]
[White "miah14"]
[Black "chaingang"]
[Result "1-0"]
[WhiteElo "2347"]
[BlackElo "2262"]

1. c4 Nf6 2. Nf3 g6 3. Nc3 Bg7 4. d4 O-O 5. g3 d6 6. Bg2 c5 7. O-O Nc6 8. dxc5
dxc5 9. Qb3 a6 10. Bf4 Na5 11. Qa3 Nxc4 12. Qxc5 Be6 13. Ng5 Rc8 14. Qb4 Bd5 15.
Rfd1 Qb6 16. Qxb6 Nxb6 17. Nxd5 Nbxd5 18. Bxd5 Nxd5 19. Rxd5 Rc2 20. Rd2 Rfc8
21. Rxc2 Rxc2 22. Rc1 1-0

[Event "AUTO-ELITE-1228"]
[Site "http://www.queenalice.com/game.php?id=1227726"]
[Date "2013.10.27"]
[Round "1"]
[White "BEBADO"]
[Black "miah14"]
[Result "0-1"]
[WhiteElo "2231"]
[BlackElo "2376"]

1. e4 c5 2. Nf3 d6 3. d4 cxd4 4. Nxd4 Nf6 5. Nc3 a6 6. g3 e5 7. Nde2 Be7 8. Bg2
O-O 9. O-O Be6 10. h3 Qd7 11. g4 Nc6 12. Nd5 Bd8 13. f4 h6 14. Be3 exf4 15.
Nexf4 Rc8 16. b3 Re8 17. Qd2 Bxd5 18. exd5 Nb4 19. c4 Nc2 20. Qxc2 Rxe3 21. Rae1
Bb6 22. Kh1 Rce8 23. Qd2 Nxg4 24. hxg4 Qxg4 25. Rxe3 Rxe3 26. Rf2 g5 0-1

[Event "AUTO-ELITE-1228"]
[Site "http://www.queenalice.com/game.php?id=1227727"]
[Date "2013.10.27"]
[Round "1"]
[White "miah14"]
[Black "BEBADO"]
[Result "0-1"]
[WhiteElo "2363"]
[BlackElo "2161"]

1. Nf3 Nf6 2. b3 c5 3. Bb2 e6 4. c4 b6 5. Nc3 Bb7 6. e3 Be7 7. Bd3 O-O 8. O-O d5
9. cxd5 Nxd5 10. Nxd5 Bxd5 11. Qc2 h6 12. Ne5 Nd7 13. Ng4 Nf6 14. Ne5 Nd7 15. f4
Nxe5 16. fxe5 f5 17. e4 fxe4 18. Rxf8+ Bxf8 19. Bxe4 Bxe4 20. Qxe4 Qd5 21. Qxd5
exd5 22. e6 Re8 23. Re1 Bd6 24. g3 d4 25. b4 Be7 26. Re4 Rd8 27. Kf2 Kf8 28. Ke2
Bf6 29. bxc5 bxc5 30. Kd3 Ke7 31. Kc4 Kd6 32. a4 Rc8 33. Ba3 Rc7 0-1

[Event "AUTO-ELITE-1165"]
[Site "http://www.queenalice.com/game.php?id=1235123"]
[Date "2013.11.25"]
[Round "2"]
[White "PhiVer"]
[Black "miah14"]
[Result "1-0"]
[WhiteElo "2590"]
[BlackElo "2384"]

1. e4 c5 2. Nf3 d6 3. d4 cxd4 4. Nxd4 Nf6 5. Nc3 a6 6. Be3 e5 7. Nb3 Be6 8. f3
Be7 9. Qd2 O-O 10. O-O-O Nbd7 11. g4 a5 12. g5 Nh5 13. Kb1 a4 14. Nc1 a3 15. b3
Nf4 16. h4 g6 17. Bxf4 exf4 18. N1e2 Ne5 19. Bg2 Nc4 20. Qxf4 Nb2 21. Rd4 Qb6
22. h5 Ra5 23. Qh2 Rxg5 24. hxg6 h5 25. f4 Rc5 26. Nd5 Rxd5 27. exd5 Bg4 28. Re4
Bf6 29. f5 Bxe2 30. gxf7+ Rxf7 31. Rxe2 h4 32. Qf4 Qd8 33. Re6 Rh7 34. Rxd6 Qf8
35. Re6 Rg7 36. Qe4 1-0

[Event "AUTO-ELITE-1165"]
[Site "http://www.queenalice.com/game.php?id=1235124"]
[Date "2013.11.25"]
[Round "2"]
[White "miah14"]
[Black "PhiVer"]
[Result "0-1"]
[WhiteElo "2378"]
[BlackElo "2594"]

1. e4 c5 2. Nc3 Nc6 3. Nf3 Nf6 4. Bb5 Qc7 5. O-O Nd4 6. Re1 a6 7. Bf1 e5 8. Bc4
d6 9. h3 Be6 10. d3 b5 11. Bd5 Bxd5 12. Nxd5 Nxd5 13. exd5 Be7 14. c3 Nxf3+ 15.
Qxf3 O-O 16. a4 Qb7 17. a5 f5 18. Be3 Rac8 19. b3 g6 20. Bh6 Rfe8 21. Kh2 Bf6
22. Bd2 Re7 23. Rac1 Qc7 24. c4 b4 25. Qg3 Rce8 26. h4 e4 27. dxe4 Rxe4 28. h5
Kg7 29. Kg1 Rxe1+ 30. Rxe1 Rxe1+ 31. Bxe1 Qd8 32. Kf1 Be5 33. Qe3 Qxa5 34. Qg5
Bf6 35. Qg3 Qd8 36. Bd2 Be5 37. Qh3 a5 38. hxg6 hxg6 39. Qh6+ Kf7 40. Bg5 Qe8
41. Qh7+ Bg7 42. Bh6 Qe5 43. f4 Qa1+ 44. Ke2 Qc3 45. g3 Qd4 46. Kf3 a4 0-1

[Event "AUTO-ELITE-1162"]
[Site "http://www.queenalice.com/game.php?id=1243214"]
[Date "2013.12.27"]
[Round "2"]
[White "miah14"]
[Black "pumamercedino"]
[Result "1-0"]
[WhiteElo "2359"]
[BlackElo "2328"]

1. Nf3 d5 2. d4 Nf6 3. c4 c6 4. e3 g6 5. Nc3 Bg7 6. Bd3 O-O 7. O-O Bf5 8. Bxf5
gxf5 9. Qb3 Qb6 10. Qc2 e6 11. cxd5 cxd5 12. Bd2 Nc6 13. a3 Rac8 14. b4 Ne4 15.
Qd3 a6 16. Rac1 Bf6 17. Rfd1 Nd6 18. Na4 Qb5 19. Qb3 Na5 20. Qa2 Nac4 21. Nc5
Rc7 22. Be1 Ne4 23. a4 Qe8 24. Qb3 Qe7 25. h3 Qd6 26. Kf1 Rfc8 27. Kg1 Kg7 28.
Kf1 b6 29. Nxe4 fxe4 30. Ng1 Bg5 31. Rb1 Qh2 32. Ra1 Nd6 33. Ra2 Nf5 34. Re2 b5
35. axb5 axb5 36. g3 Qh1 37. Rb1 h5 38. Ra1 1-0

[Event "AUTO-ELITE-1162"]
[Site "http://www.queenalice.com/game.php?id=1243215"]
[Date "2013.12.27"]
[Round "2"]
[White "pumamercedino"]
[Black "miah14"]
[Result "0-1"]
[WhiteElo "2340"]
[BlackElo "2347"]

1. e4 c5 2. Nf3 d6 3. Bb5+ Nc6 4. O-O Bd7 5. c3 Nf6 6. Re1 a6 7. Bf1 e5 8. d4
cxd4 9. cxd4 Bg4 10. d5 Nd4 11. Nbd2 Rc8 12. Bd3 Nxf3+ 13. Nxf3 Be7 14. h3 Bh5
15. Be3 O-O 16. Qe2 Bg6 17. Bd2 Nd7 18. b4 h6 19. a4 Bh5 20. Rec1 Nf6 21. Rxc8
Qxc8 22. Rc1 Qd7 23. b5 Bxf3 24. Qxf3 Ra8 25. bxa6 bxa6 26. Rc6 a5 27. Bb5 Qa7
28. Be3 Qb8 29. Rc4 Qd8 30. Qf5 g6 31. Qf3 Kg7 32. Rc6 Qf8 0-1

[Event "AUTO-ELITE-1222"]
[Site "http://www.queenalice.com/game.php?id=1266523"]
[Date "2014.3.20"]
[Round "2"]
[White "chessprm"]
[Black "miah14"]
[Result "1-0"]
[WhiteElo "2357"]
[BlackElo "2357"]

1. d4 Nf6 2. Nf3 d5 3. Bf4 c6 4. c3 Qb6 5. Qb3 Bf5 6. Nbd2 Nbd7 7. e3 e6 8. Be2
Be7 9. O-O O-O 10. h3 h6 11. Rfc1 a5 12. Qxb6 Nxb6 13. c4 Nxc4 14. Nxc4 dxc4 15.
Bxc4 b5 16. Be2 Nd5 17. Bg3 Nb4 18. Ne1 Rfc8 19. a3 Nd5 20. Nd3 Be4 21. Nc5 Bxc5
22. Rxc5 Nb6 23. f3 Bd5 24. e4 Bc4 25. Bxc4 Nxc4 26. a4 Nxb2 27. axb5 cxb5 28.
Rxb5 Nc4 29. Ra4 Nd2 30. Bf4 Nc4 31. Kf2 Ra6 32. d5 exd5 33. exd5 Rf6 34. Bg3
Rf5 35. Bb8 Rh5 36. g4 Rg5 37. f4 Rg6 38. Ba7 Ra6 39. Bd4 Raa8 40. Ke2 Nd6 41.
Rbxa5 Rab8 42. Be5 Re8 43. Kd3 Rb6 44. Ra8 Kf8 45. Rxe8+ Nxe8 46. Ra7 f6 47. Bd4
Rb3+ 48. Kc4 Rxh3 49. Bc5+ Kg8 50. Re7 1-0

[Event "AUTO-ELITE-1222"]
[Site "http://www.queenalice.com/game.php?id=1266524"]
[Date "2014.3.20"]
[Round "2"]
[White "miah14"]
[Black "chessprm"]
[Result "0-1"]
[WhiteElo "2370"]
[BlackElo "2344"]

1. Nf3 Nf6 2. c4 g6 3. d4 Bg7 4. Nc3 O-O 5. Bf4 d6 6. e4 Nbd7 7. Be2 e5 8. Bg5
exd4 9. Nxd4 h6 10. Be3 Nc5 11. f3 a5 12. O-O Re8 13. Ndb5 b6 14. Qd2 Kh7 15.
Rad1 Bb7 16. Nd5 Nxd5 17. cxd5 Qe7 18. Rfe1 f5 19. Bxc5 bxc5 20. exf5 gxf5 21.
Bc4 Qf7 22. Rxe8 Rxe8 23. Qxa5 Re7 24. b3 Be5 25. g3 Qh5 26. Kg2 f4 27. g4 Qh4
28. Qe1 Qf6 29. Qd2 h5 30. h3 Rg7 31. a4 Kg8 32. Rh1 Kf8 33. Na7 Bd4 34. Nc6 Be3
35. Qe2 Bxc6 36. dxc6 Re7 37. Qc2 Qh4 38. Bd5 Bd4 39. Be4 Qg3+ 40. Kf1 Rxe4 41.
fxe4 Qf3+ 0-1